Nombres geográficos de México (Record no. 3661)

MARC details
000 -CABECERA
campo de control de longitud fija 01087nam a2200265 a 4500
001 - NÚMERO DE CONTROL
campo de control BRCA_3934
005 - FECHA Y HORA DE LA ÚLTIMA TRANSACCIÓN
campo de control 20190320204501.0
008 - DATOS DE LONGITUD FIJA--INFORMACIÓN GENERAL
campo de control de longitud fija 110110s1885----mx-a######---#000-0#spa-#
041 ## - CÓDIGO DE LENGUA
Código de lengua del texto/banda sonora o título independiente spa
044 ## - CÓDIGO DEL PAÍS DE LA ENTIDAD EDITORA/PRODUCTORA
Código MARC del país mx
050 #4 - SIGNATURA TOPOGRÁFICA DE LA BIBLIOTECA DEL CONGRESO
Número de clasificación F1219
Número de documento/Ítem .P46 1885
100 1# - ENTRADA PRINCIPAL--NOMBRE DE PERSONA
Nombre de persona Peñafiel, Antonio.
9 (RLIN) 10237
245 10 - MENCIÓN DE TÍTULO
Título Nombres geográficos de México
Resto del título catálogo alfabético de los nombres de lugar pertenecientes al idioma Nahuatl, estudio jeroglífico de la matrícula de los tributos del Códice Mendocino
Mención de responsabilidad, etc. Peñafiel, Antonio.
260 ## - PUBLICACIÓN, DISTRIBUCIÓN, ETC.
Lugar de publicación, distribución, etc. México
Nombre del editor, distribuidor, etc. Secretaría de Fomento
Fecha de publicación, distribución, etc. 1885
300 ## - DESCRIPCIÓN FÍSICA
Extensión 260 p.
Otras características físicas il., atlas con 39 láminas
Dimensiones 30 cm.
500 ## - NOTA GENERAL
Nota general Dibujos de las Antigüedades mexicanas de Lord Kingsborough por Domingo Carral y grabados por Domingo Carral y grabados por Antonio H. Galaviz.
500 ## - NOTA GENERAL
Nota general C85
650 14 - PUNTO DE ACCESO ADICIONAL DE MATERIA--TÉRMINO DE MATERIA
Término de materia o nombre geográfico como elemento de entrada Escritura pictórica mexicana
9 (RLIN) 10238
650 14 - PUNTO DE ACCESO ADICIONAL DE MATERIA--TÉRMINO DE MATERIA
Término de materia o nombre geográfico como elemento de entrada Nahuatl
9 (RLIN) 10239
650 14 - PUNTO DE ACCESO ADICIONAL DE MATERIA--TÉRMINO DE MATERIA
Término de materia o nombre geográfico como elemento de entrada Códice Mendocino
9 (RLIN) 10240
650 14 - PUNTO DE ACCESO ADICIONAL DE MATERIA--TÉRMINO DE MATERIA
Término de materia o nombre geográfico como elemento de entrada Nombres Geográficos
Término indicativo de función/relación México
9 (RLIN) 10241
700 1# - PUNTO DE ACCESO ADICIONAL--NOMBRE DE PERSONA
Nombre de persona Kinsgsborough, Edward King
Títulos y otros términos asociados al nombre visconde de,
Fecha de publicación/de la obra 1795-1837
9 (RLIN) 10242
902 ## - CATALOGADOR
Iniciales GFM
942 ## - ELEMENTOS DE PUNTO DE ACCESO ADICIONAL (KOHA)
Fuente del sistema de clasificación o colocación Library of Congress Classification
Tipo de ítem Koha Libros
Holdings
Estado de retiro Estado de pérdida Estado dañado No para préstamo Localización permanente Ubicación/localización actual Fecha de adquisición Número de inventario Total de préstamos Signatura topográfica completa Código de barras Fecha visto por última vez Precio válido a partir de Tipo de ítem Koha
El ejemplar forma parte de la colección y puede ser consultado según las políticas vigentes.       Biblioteca del Museo Franz Mayer (Rogerio Casas-Alatriste) Biblioteca del Museo Franz Mayer (Rogerio Casas-Alatriste) 11/01/2010 C85   F1219 .P46 1885 (C85) 3931 22/03/2019 22/03/2019 Libros